Library Logo

Pioneer International University Library Catalogue

DAVID COPPERFIELD/ (Record no. 9992)

MARC details
000 -LEADER
fixed length control field 00611nam a22002057a 4500
003 - CONTROL NUMBER IDENTIFIER
control field OSt
005 - DATE AND TIME OF LATEST TRANSACTION
control field 20260317115023.0
008 - FIXED-LENGTH DATA ELEMENTS--GENERAL INFORMATION
fixed length control field 260317b |||||||| |||| 00| 0 eng d
010 ## - LIBRARY OF CONGRESS CONTROL NUMBER
LC control number 2003045643
020 ## - INTERNATIONAL STANDARD BOOK NUMBER
International Standard Book Number 978014043944
040 ## - CATALOGING SOURCE
Transcribing agency PENGUIN BOOKS
050 ## - LIBRARY OF CONGRESS CALL NUMBER
Classification number PR 455.8 .D53 1966
Item number .D53 1966
245 ## - TITLE STATEMENT
Title DAVID COPPERFIELD/
Statement of responsibility, etc. CHARLES DICKENS
250 ## - EDITION STATEMENT
Edition statement 1ST EDITION
260 ## - PUBLICATION, DISTRIBUTION, ETC.
Place of publication, distribution, etc. LONDON:
Name of publisher, distributor, etc. PENGUIN BOOKS,
Date of publication, distribution, etc. 1966
300 ## - PHYSICAL DESCRIPTION
Extent 956 pages,
Other physical details hardcover, includes bibliographic references and index,
Dimensions ill.: col. ; 17.4 cm
630 ## - SUBJECT ADDED ENTRY--UNIFORM TITLE
Language of a work ENGLISH
655 ## - INDEX TERM--GENRE/FORM
Genre/form data or focus term Historical fiction
942 ## - ADDED ENTRY ELEMENTS (KOHA)
Source of classification or shelving scheme Library of Congress Classification
Koha item type Books
Edition 1dt ed.
Suppress in OPAC No
Holdings
Withdrawn status Lost status Source of classification or shelving scheme Damaged status Not for loan Home library Current library Date acquired Total checkouts Full call number Barcode Date last seen Price effective from Koha item type
    Library of Congress Classification     PIU Library Main Library 03/17/2026   PR 4558 .D53 1966 PIUDLMUR969 03/17/2026 03/17/2026 Books